000 01048cam a2200289 4500
008 090401t1993 xxu||||| |||| 00| 0 eng d
020 _a0860173712
035 _a(Sirsi) u54243
041 _aeng
050 _a690.22
110 _aConstruction Industry Research and Information Association
_94810
245 2 _aA guide to the control of substances hazardous to health in design and construction.
260 _aLondon
_bCIRIA
_c1993
300 _a70p. ; 30cm.
350 _a45
490 _aCIRIA Report
_v125
520 _aA guide to the application of the COSHH regulations and to good practice on building sites. Schedules provide basic information on groups of materials and the hazards they represent.
650 _aBUILDING SITES
650 _aCHEMICALS
650 _aCONTROL OF SUBSTANCES HAZARDOUS TO HEALTH REGULATIONS 1988
650 _aCOSHH REGULATIONS
650 _aHAZARDOUS MATERIALS
650 _aHEALTH AND SAFETY
_96244
690 _aBUILT ENVIRONMENT-BUILDING STANDARDS
942 _n0
948 _c04/03/1997
999 _c93445
_d93445